| 000 | 00608nam a22001937a 4500 | ||
|---|---|---|---|
| 999 |
_c17400 _d17400 |
||
| 003 | AR-CdUCM | ||
| 008 | 190508b ||||| |||| 00| 0 spa d | ||
| 040 |
_aMUNICIPALIDAD PROVINCIAL DEL CUSCO _cBIBLIOTECA MUNICIPAL DEL CUSCO |
||
| 082 |
_a658.5 / _bN14 |
||
| 100 |
_aNadler, Gerald _937389 |
||
| 245 | _aDiseño de sistemas de producción / | ||
| 260 |
_aBuenos Aires : _bCentro regional de ayuda tecnica, _c1971. |
||
| 300 |
_a210 paginas ; _c20 cm. |
||
| 500 | _aSistemas de producción | ||
| 650 |
_aSistemas _92854 |
||
| 650 |
_aProduccion _91785 |
||
| 942 |
_2ddc _cLIBROS |
||
| 945 |
_apjha _d2019-05-08 |
||